000
00319nam a22001457a 4500
020
_a
978-0-8138-0161-4
082
_a
C12M
100
_a
MOURSI,AMR.M
245
_a
CLINICAL CASES IN PEDIATRIC DENTISTRY
250
_a
1ST
260
_a
U.K
_b
ELSEVIER
_c
2015
300
_a
365
650
_a
PEDODONTICS
942
_2
ddc
_c
BK
999
_c
9870
_d
9870